000 00715nam a2200229Ia 4500
003 OSt
005 20220923223853.0
006 a|||||r|||| 00| 0
007 ta
008 Pun
024 _a222,610
037 _cTextual
040 _aARTS
_cARTS
_bPun
041 _2Pun
_aPun
082 _aQ8441v, 153P2
100 _aਗਰੇਗਾਲ, ਜੇ ਔਸ
245 0 _aਖ਼ਾਲਸਾ ਇਤਿਹਾਸ ਅਤੇ ਵਿਚਾਰਧਾਰਾ
260 _aਅੰਮ੍ਰਿਤਸਰ
_b ਗੁਰੁ ਨਾਨਕ ਦੇਵ ਯੂਨੀਵਰਸਿਟੀ
_c2002
300 _a279ਪੰ
_ccm.
942 _hQ8441v, 153P2
_cTEXL
_2CC
999 _c367894
_d367894